000
00236nam a2200097Ia 4500
005
20251222114353.0
008
251222s1900||||xx |||||||||||||| ||spa||
082
_a
DVD0070/P53/1998
245
0
_a
Fuera del mundo:Fuori dal mondo
942
_c
DVD
999
_c
1336
_d
1336